Finaliści Mistrzostw Świata w piłce nożnej - nagła śmierć - Statystyki

Ogólne statystyki
  • Ten quiz został rozwiązany 1 612 razy
  • Średni wynik to 7 z 12
Answers on the Grid
Answers color-coded by a green-red scale on the quiz's grid according to % correct below.
Argentyna
Stany Zjednoczone
Francja
Kolumbia
Polska
Brazylia
Portugalia
Belgia
Niemcy
Hiszpania
Turcja
Włochy
Austria
Grecja
Szwajcaria
Urugwaj
Holandia
Bułgaria
Japonia
Chorwacja
Dania
Anglia
Rosja
Węgry
Chile
Islandia
Szwecja
Słowenia
 
Statystyki odpowiedzi
Odpowiedź % Poprawnych
Argentyna
98%
Francja
88%
Brazylia
80%
Niemcy
74%
Hiszpania
67%
Włochy
67%
Anglia
59%
Urugwaj
55%
Holandia
54%
Chorwacja
48%
Węgry
27%
Szwecja
25%
Nie znaleziono quizów pasujących do podanych kryteriów
Rozkład punktacji
Procent ludzi z każdym wynikiem
Percentyl według liczby udzielonych odpowiedzi
Twoja historia wyników
Nie rozwiązałeś tego quizu